|
|
|
|
| LEADER |
00860nam a2200337 4500 |
| 001 |
DLU110129140 |
| 005 |
##20111215 |
| 008 |
##110405s2011 maua 000 0 eng |
| 010 |
# |
# |
|a 2011010635
|
| 020 |
# |
# |
|a 9780123814791
|
| 040 |
# |
# |
|a DLC
|c DLC
|d DLC
|
| 042 |
# |
# |
|a pcc
|
| 082 |
# |
# |
|a 006.3
|b HA-J
|
| 100 |
# |
# |
|a Han, Jiawei.
|
| 245 |
# |
# |
|a Data mining :
|b concepts and techniques /
|c Jiawei Han, Micheline Kamber, Jian Pei.
|
| 250 |
# |
# |
|a 3rd ed.
|
| 260 |
# |
# |
|a Burlington, MA :
|b Elsevier,
|c c2011.
|
| 300 |
# |
# |
|a xxxv, 703 p. :
|b ill. ;
|c 25 cm.
|
| 650 |
# |
# |
|a Data mining.
|
| 700 |
# |
# |
|a Kamber, Micheline.
|
| 923 |
# |
# |
|a 19/2011
|
| 991 |
# |
# |
|a GT
|
| 992 |
# |
# |
|a 1772057
|
| 994 |
# |
# |
|a DLU
|
| 900 |
# |
# |
|a True
|
| 911 |
# |
# |
|a Đào Thị Thu Huyền
|
| 925 |
# |
# |
|a G
|
| 926 |
# |
# |
|a A
|
| 927 |
# |
# |
|a SH
|
| 980 |
# |
# |
|a Thư viện Trường Đại học Đà Lạt
|